000
00215nam a22000977a 4500
999
_c
261892
_d
261891
020
_a
9781841482873
100
_a
Stella Blackstone
245
_a
Bear In A Square
260
_a
USA
_b
Barefoot Books
_c
1998
942
_c
BK